|
|
|
|
| LEADER |
00798nam a2200193 i 4500 |
| 001 |
acta43890 |
| 005 |
20230330151702.0 |
| 008 |
170109s1971 hu o 0|| hun d |
| 040 |
|
|
|a SZTE Egyetemi Kiadványok Repozitórium
|b hun
|
| 041 |
|
|
|a hun
|
| 100 |
1 |
|
|a Jankovics József
|
| 245 |
1 |
2 |
|a A levélíró Bethlen Miklós arcképéhez
|h [elektronikus dokumentum] :
|b két kiadatlan levél közlésével /
|c Jankovics József
|
| 260 |
|
|
|a Szegedi Városi Nyomda
|b Szeged
|c 1971
|
| 300 |
|
|
|a p. 163-168.
|c 24 cm
|
| 490 |
0 |
|
|a Irodalomtörténeti Dolgozatok
|v 83
|
| 650 |
|
4 |
|a Bölcsészettudományok
|
| 650 |
|
4 |
|a Nyelvek és irodalom
|
| 695 |
|
|
|a Bethlen Miklós, Levelezés - magyar - 17. sz., Magyar irodalom története - 17. sz.
|
| 856 |
4 |
0 |
|u http://acta.bibl.u-szeged.hu/43890/1/itd_083.pdf
|z Dokumentum-elérés
|